Statistics for Objects sent to Space by Picture

Click here to take the quiz!

General Stats

  • This quiz has been taken 13 times
  • The average score is 5 of 10

Answer Stats

Answer % Correct
Space Shuttle
100%
International Space Station
85%
Sputnik 1
62%
Lunar Rover
62%
Saturn V
38%
Voyager 1
38%
Lunar Lander
31%
Falcon 9
31%
Mir
31%
Soyuz
23%

Score Distribution

Percentile by Number Answered

Percent of People with Each Score

Your Score History

You have not taken this quiz